[Event "HUN-chT2 Breyer 1819"]
[Site "Hungary"]
[Date "2018.11.18"]
[Round "2.5"]
[White "Szobi, Geza Jr"]
[Black "Torok, Adam"]
[Result "1/2-1/2"]
[WhiteElo "2207"]
[BlackElo "2049"]
[PlyCount "42"]
[EventDate "2018.10.28"]
[EventType "team-tourn"]
[EventRounds "9"]
[EventCountry "HUN"]
[SourceTitle "CBM 189 Extra"]
[Source "ChessBase"]
[SourceDate "2019.06.03"]
[SourceVersion "1"]
[SourceVersionDate "2019.06.03"]
[SourceQuality "1"]
[WhiteTeam "Naszaly Geniusz Tata"]
[BlackTeam "Vizugy"]
[WhiteTeamCountry "HUN"]
[BlackTeamCountry "HUN"]

1. d4 d5 2. c4 e6 3. Nf3 Nf6 4. Bg5 Nbd7 5. e3 c6 6. Nc3 Qa5 7. Nd2 Bb4 8. Bxf6 Nxf6 9. Qb3 0-0 10. Bd3 dxc4 11. Nxc4 Bxc3+ 12. bxc3 Qc7 13. Ne5 c5 14. 0-0 b6 15. a4 Bb7 16. Rfb1 Be4 17. Bxe4 Nxe4 18. Qc2 Nd6 19. Qa2 Ne4 20. Qc2 Nd6 21. Qa2 Ne4 1/2-1/2

[Event "HUN-chT2 Breyer 1516"]
[Site "Hungary"]
[Date "2015.10.18"]
[Round "3.6"]
[White "Szobi, Geza Jr"]
[Black "Takacs, Kevin"]
[Result "1-0"]
[WhiteElo "2192"]
[BlackElo "1987"]
[PlyCount "61"]
[EventDate "2015.09.13"]
[EventType "team-tourn"]
[EventRounds "11"]
[EventCountry "HUN"]
[SourceTitle "CBM 170 Extra"]
[Source "ChessBase"]
[SourceDate "2016.02.25"]
[SourceVersion "1"]
[SourceVersionDate "2016.02.25"]
[SourceQuality "1"]
[WhiteTeam "Naszaly Geniusz Tata"]
[BlackTeam "Sarkany DSE"]
[WhiteTeamCountry "HUN"]
[BlackTeamCountry "HUN"]

1. d4 d5 2. c4 e6 3. Nf3 Nf6 4. Bg5 Be7 5. Bxf6 Bxf6 6. e3 0-0 7. Nc3 a6 8. Bd3 dxc4 9. Bxc4 b5 10. Bd3 Bb7 11. 0-0 Nd7 12. Qe2 c5 13. Rfd1 Rc8 14. d5 c4 15. dxe6 fxe6 16. Bc2 Bxf3 17. gxf3 Bxc3 18. bxc3 Rc7 19. f4 Qh4 20. Rd4 Nc5 21. Qf3 Rcf7 22. Qg3 Qh6 23. Rf1 Qh5 24. Qg5 Qxg5+ 25. fxg5 a5 26. Rd6 b4 27. cxb4 axb4 28. Rc6 Nd3 29. f4 Nb2 30. Rb6 e5 31. Bxh7+ 1-0

[Event "HUN-chT2 Breyer 1011"]
[Site "Hungary"]
[Date "2011.04.17"]
[Round "9.4"]
[White "Csoli, Odon"]
[Black "Szobi, Geza Jr"]
[Result "1/2-1/2"]
[WhiteElo "2158"]
[BlackElo "2189"]
[PlyCount "75"]
[EventDate "2010.09.12"]
[EventType "team-tourn"]
[EventRounds "11"]
[EventCountry "HUN"]
[SourceTitle "EXT 2012"]
[Source "ChessBase"]
[SourceDate "2011.11.24"]
[SourceVersion "1"]
[SourceVersionDate "2011.11.24"]
[SourceQuality "1"]
[WhiteTeam "Szazhalombatta"]
[BlackTeam "Geniusz Tata"]
[WhiteTeamCountry "HUN"]
[BlackTeamCountry "HUN"]

1. d4 d6 2. c4 g6 3. Nc3 Bg7 4. Nf3 Nd7 5. g3 e5 6. Bg2 exd4 7. Nxd4 Ngf6 8. 0-0 0-0 9. b3 Rb8 10. Bb2 Nc5 11. Qc2 Ne6 12. Qd2 Bd7 13. Rad1 Re8 14. h3 a6 15. Rfe1 Nxd4 16. Qxd4 Qc8 17. Qh4 Nh5 18. g4 Nf4 19. Bf3 Bc6 20. Bxc6 bxc6 21. e3 Ne6 22. Ba1 Qd8 23. Qxd8 Rexd8 24. Ne4 Bxa1 25. Rxa1 Kf8 26. Rad1 h6 27. Rd2 Ke7 28. Red1 a5 29. Nc3 Rb4 30. Kg2 Ra8 31. f4 Nc5 32. Rc2 a4 33. Nxa4 Nxa4 34. bxa4 Rbxa4 35. Rdd2 R8a5 36. Kf3 Rc5 37. Rd4 Rca5 38. Rdd2 1/2-1/2

[Event "HUN-chT2 Breyer 1011"]
[Site "Hungary"]
[Date "2010.11.21"]
[Round "6.4"]
[White "Szobi, Geza Jr"]
[Black "Imre, Jozsef Otto"]
[Result "1/2-1/2"]
[WhiteElo "2189"]
[BlackElo "2059"]
[PlyCount "45"]
[EventDate "2010.09.12"]
[EventType "team-tourn"]
[EventRounds "11"]
[EventCountry "HUN"]
[SourceTitle "EXT 2012"]
[Source "ChessBase"]
[SourceDate "2011.11.24"]
[SourceVersion "1"]
[SourceVersionDate "2011.11.24"]
[SourceQuality "1"]
[WhiteTeam "Geniusz Tata"]
[BlackTeam "Vizugy"]
[WhiteTeamCountry "HUN"]
[BlackTeamCountry "HUN"]

1. d4 d5 2. c4 c6 3. Nc3 e5 4. cxd5 cxd5 5. e4 dxe4 6. Bb5+ Bd7 7. dxe5 Bb4 8. Bxd7+ Qxd7 9. Bd2 Nc6 10. Nxe4 Bxd2+ 11. Qxd2 Qxd2+ 12. Nxd2 Nxe5 13. Ngf3 Nxf3+ 14. Nxf3 Nf6 15. 0-0 0-0 16. Rfd1 Rfc8 17. Rac1 Kf8 18. Kf1 h6 19. Ke2 Re8+ 20. Kf1 Rec8 21. Ke2 Re8+ 22. Kf1 Rec8 23. Ke2 1/2-1/2

[Event "HUN-chT2 Breyer 0809"]
[Site "Hungary"]
[Date "2009.02.08"]
[Round "7"]
[White "Bottyan, Peter"]
[Black "Szobi, Geza Jr"]
[Result "1-0"]
[WhiteElo "2192"]
[BlackElo "2185"]
[PlyCount "43"]
[EventDate "2008.10.26"]
[EventType "team-tourn"]
[EventRounds "11"]
[EventCountry "HUN"]
[SourceTitle "EXT 2010"]
[Source "ChessBase"]
[SourceDate "2010.11.25"]
[SourceVersion "1"]
[SourceVersionDate "2010.11.25"]
[SourceQuality "1"]
[WhiteTeam "Kisber Aszar"]
[BlackTeam "Geniusz Tata"]
[WhiteTeamCountry "HUN"]
[BlackTeamCountry "HUN"]

1. d4 g6 2. c4 Bg7 3. Nc3 d6 4. e4 Nd7 5. Be3 e5 6. d5 Ne7 7. g4 0-0 8. f3 f5 9. h4 Nf6 10. Bh3 c5 11. h5 Rf7 12. hxg6 hxg6 13. gxf5 gxf5 14. Bg5 Nh7 15. Qd2 f4 16. Bh4 Bxh3 17. Nxh3 Qd7 18. Qg2 a6 19. a4 b6 20. Kd2 Kf8 21. Rag1 Ng8 22. Qg6 1-0

[Event "HUN-chT2 Breyer 0607"]
[Site "Hungary"]
[Date "2007.05.06"]
[Round "10"]
[White "Forgacs, Attila"]
[Black "Szobi, Geza Jr"]
[Result "1/2-1/2"]
[WhiteElo "2229"]
[BlackElo "2175"]
[PlyCount "55"]
[EventDate "2006.11.12"]
[EventType "team"]
[EventRounds "11"]
[EventCountry "HUN"]
[SourceTitle "EXT 2008"]
[Source "ChessBase"]
[SourceDate "2007.11.25"]
[SourceVersion "1"]
[SourceVersionDate "2007.11.25"]
[SourceQuality "1"]
[WhiteTeam "Balatonfuered"]
[BlackTeam "Geniusz Tata"]
[WhiteTeamCountry "HUN"]
[BlackTeamCountry "HUN"]

1. e4 g6 2. d4 Bg7 3. Nc3 d6 4. Bc4 c6 5. Qf3 e6 6. Nge2 b5 7. Bb3 a6 8. 0-0 Qe7 9. a3 Bb7 10. Bf4 Nd7 11. d5 cxd5 12. exd5 e5 13. Bd2 Ngf6 14. Rae1 0-0 15. Bg5 h6 16. Bh4 Nc5 17. Ba2 g5 18. b4 Ne6 19. Bg3 Qc7 20. Qf5 Nf4 21. Bxf4 exf4 22. Qd3 Rac8 23. Bb3 Nd7 24. Ne4 Ne5 25. Qh3 f5 26. Nd2 Qf7 27. Rd1 Bxd5 28. Ne4 1/2-1/2

[Event "HUN-chT2 Breyer 0607"]
[Site "Hungary"]
[Date "2007.03.25"]
[Round "7"]
[White "Szobi, Geza Jr"]
[Black "Burghardt, Jozsef"]
[Result "1/2-1/2"]
[WhiteElo "2175"]
[BlackElo "2183"]
[PlyCount "30"]
[EventDate "2006.11.12"]
[EventType "team"]
[EventRounds "11"]
[EventCountry "HUN"]
[SourceTitle "EXT 2008"]
[Source "ChessBase"]
[SourceDate "2007.11.25"]
[SourceVersion "1"]
[SourceVersionDate "2007.11.25"]
[SourceQuality "1"]
[WhiteTeam "Geniusz Tata"]
[BlackTeam "Esztergom"]
[WhiteTeamCountry "HUN"]
[BlackTeamCountry "HUN"]

1. d4 c5 2. d5 Nf6 3. Nc3 d6 4. e4 g6 5. Be2 Bg7 6. Nf3 0-0 7. 0-0 Na6 8. h3 Rb8 9. a4 Nb4 10. Bf4 b6 11. Nb5 Nxe4 12. c3 a6 13. Nbd4 Bb7 14. cxb4 cxd4 15. Nxd4 Bxd5 1/2-1/2

[Event "HUN-chT2 Breyer 0506"]
[Site "Hungary"]
[Date "2005.12.04"]
[Round "5"]
[White "Szobi, Geza Jr"]
[Black "To, Nhat Minh"]
[Result "1/2-1/2"]
[WhiteElo "2167"]
[BlackElo "2155"]
[PlyCount "160"]
[EventDate "2005.10.16"]
[EventType "team"]
[EventRounds "11"]
[EventCountry "HUN"]
[SourceTitle "EXT 2009"]
[Source "ChessBase"]
[SourceDate "2008.11.26"]
[SourceVersion "1"]
[SourceVersionDate "2008.11.26"]
[SourceQuality "1"]
[WhiteTeam "Geniusz Tata"]
[BlackTeam "Barcza"]
[WhiteTeamCountry "HUN"]
[BlackTeamCountry "HUN"]

1. d4 Nf6 2. c4 e6 3. Nf3 b6 4. g3 Ba6 5. Qa4 Bb7 6. Bg2 c5 7. 0-0 cxd4 8. Nxd4 Bxg2 9. Kxg2 Qc8 10. Rd1 Be7 11. Nc3 0-0 12. Bf4 Na6 13. Rac1 Rd8 14. a3 Nc5 15. Qc2 d6 16. b4 Ncd7 17. Qa4 Nb8 18. Nf3 a6 19. Kg1 Ra7 20. Be3 Qb7 21. c5 b5 22. Qc2 d5 23. c6 Nxc6 24. Bxa7 Nxa7 25. Nb1 Rc8 26. Qb3 Ne4 27. Nbd2 Nd6 28. Rxc8+ Naxc8 29. Ne5 f6 30. Nd3 Nc4 31. Nc5 Qc6 32. Nxc4 bxc4 33. Qa4 Qxa4 34. Nxa4 f5 35. Kf1 Kf7 36. e3 Na7 37. f3 Nb5 38. Ke2 Bf6 39. Rc1 e5 40. Nb6 Ke6 41. e4 fxe4 42. fxe4 dxe4 43. Rxc4 Kf5 44. Nd5 Nxa3 45. Ne3+ Ke6 46. Rc6+ Kd7 47. Rxa6 Nb5 48. Ng4 Nc3+ 49. Kd2 Nd5 50. Nxf6+ gxf6 51. b5 h5 52. Ra7+ Kd6 53. Rh7 Kc5 54. Rxh5 Kxb5 55. Rh8 Kc5 56. h4 Kd4 57. Rc8 e3+ 58. Ke2 Ne7 59. Ra8 Nf5 60. Ra4+ Kd5 61. Rg4 Ke6 62. h5 Kf7 63. Ra4 Nxg3+ 64. Kxe3 Nxh5 65. Ke4 Ng3+ 66. Kf3 Nf5 67. Kg4 Nd6 68. Ra5 Ke6 69. Ra6 f5+ 70. Kf3 Ke7 71. Ra7+ Kf6 72. Ra6 Ke6 73. Ra5 Nf7 74. Ra6+ Ke7 75. Ra7+ Kf6 76. Ra6+ Kg5 77. Ra5 e4+ 78. Kg3 Nh6 79. Rb5 Ng4 80. Ra5 Nf6 1/2-1/2

[Event "HUN-chT2 Breyer 0506"]
[Site "Hungary"]
[Date "2005.11.13"]
[Round "3"]
[White "Szobi, Geza Jr"]
[Black "Dekany, Lajos"]
[Result "1-0"]
[WhiteElo "2167"]
[BlackElo "2135"]
[PlyCount "71"]
[EventDate "2005.10.16"]
[EventType "team"]
[EventRounds "11"]
[EventCountry "HUN"]
[SourceTitle "EXT 2009"]
[Source "ChessBase"]
[SourceDate "2008.11.26"]
[SourceVersion "1"]
[SourceVersionDate "2008.11.26"]
[SourceQuality "1"]
[WhiteTeam "Geniusz Tata"]
[BlackTeam "Kisber Aszar"]
[WhiteTeamCountry "HUN"]
[BlackTeamCountry "HUN"]

1. d4 d5 2. c4 e6 3. Nf3 Nf6 4. Bg5 Nbd7 5. e3 c6 6. Nc3 Qa5 7. Nd2 Bb4 8. Qc2 Ne4 9. Ndxe4 dxe4 10. Bh4 0-0 11. Be2 g5 12. Bg3 f5 13. h4 g4 14. 0-0 e5 15. c5 exd4 16. Bc4+ Kg7 17. Nxe4 d3 18. Qxd3 fxe4 19. Qxe4 Qxc5 20. Bd3 Nf6 21. Be5 Rh8 22. Qf4 Qe7 23. Bxf6+ Qxf6 24. Qxb4 Qxh4 25. Rac1 Re8 26. Rc4 Qe7 27. Qc3+ Qe5 28. Qc2 Be6 29. Rb4 Re7 30. Re4 Qf6 31. Qc5 Rae8 32. Rf4 Qxb2 33. Qg5+ Kh8 34. Rf8+ Rxf8 35. Qxe7 Qf6 36. Qxh7# 1-0

[Event "HUN-chT2 Charousek 0405"]
[Site "Hungary"]
[Date "2005.01.23"]
[Round "6"]
[White "Szobi, Geza Jr"]
[Black "Pap, Gyula"]
[Result "0-1"]
[WhiteElo "2176"]
[BlackElo "2383"]
[PlyCount "74"]
[EventDate "2004.09.26"]
[EventType "team"]
[EventRounds "11"]
[EventCountry "HUN"]
[SourceTitle "EXT 2008"]
[Source "ChessBase"]
[SourceDate "2007.11.25"]
[SourceVersion "1"]
[SourceVersionDate "2007.11.25"]
[SourceQuality "1"]
[WhiteTeam "Geniusz Tata"]
[BlackTeam "Decs"]
[WhiteTeamCountry "HUN"]
[BlackTeamCountry "HUN"]

1. d4 e6 2. c4 Nf6 3. Nf3 d5 4. cxd5 exd5 5. Bg5 c6 6. Nc3 h6 7. Bh4 Bf5 8. e3 Nbd7 9. Bd3 Bxd3 10. Qxd3 Be7 11. Bxf6 Nxf6 12. Ne5 0-0 13. 0-0-0 Bd6 14. f4 Bb4 15. Kb1 Bxc3 16. Qxc3 Ne4 17. Qe1 Re8 18. g4 f6 19. Nf3 Nd6 20. Rd3 Qe7 21. h4 Qe4 22. Qd1 Nc4 23. Re1 Qg6 24. Ka1 Qxg4 25. b3 Nd6 26. Rg1 Qe6 27. Nh2 Nf5 28. Qg4 Re7 29. Qg6 Nxe3 30. Rd2 Nf5 31. Nf3 Qe4 32. Rdg2 Ne3 33. Rg3 Qxg6 34. Rxg6 Kf8 35. h5 Nf5 36. Nh2 Re2 37. Nf3 Rae8 0-1

[Event "HUN-chT2 Charousek 0405"]
[Site "Hungary"]
[Date "2004.09.26"]
[Round "1"]
[White "Solymosi, Istvan"]
[Black "Szobi, Geza Jr"]
[Result "1/2-1/2"]
[WhiteElo "2184"]
[BlackElo "2176"]
[PlyCount "51"]
[EventDate "2004.09.26"]
[EventType "team"]
[EventRounds "11"]
[EventCountry "HUN"]
[SourceTitle "EXT 2008"]
[Source "ChessBase"]
[SourceDate "2007.11.25"]
[SourceVersion "1"]
[SourceVersionDate "2007.11.25"]
[SourceQuality "1"]
[WhiteTeam "Gyor Elektromos"]
[BlackTeam "Geniusz Tata"]
[WhiteTeamCountry "HUN"]
[BlackTeamCountry "HUN"]

1. d4 g6 2. c4 Bg7 3. Nc3 d6 4. e4 Nf6 5. f4 0-0 6. Nf3 c5 7. d5 e6 8. Be2 exd5 9. cxd5 Re8 10. e5 dxe5 11. fxe5 Ng4 12. Bg5 Qa5 13. 0-0 Nxe5 14. d6 Be6 15. Nxe5 Bxe5 16. Bf3 Nd7 17. Bxb7 Rab8 18. Bd5 c4 19. Bxe6 Rxe6 20. Qf3 f5 21. Rad1 Bxd6 22. Bf4 Ne5 23. Qg3 Nd3 24. Bxd6 Qb6+ 25. Kh1 Qxd6 26. b3 1/2-1/2

[Event "HUN-chT2 Charousek 0304"]
[Site "Hungary"]
[Date "2004.01.25"]
[Round "6"]
[White "Zila, Laszlo"]
[Black "Szobi, Geza Jr"]
[Result "1-0"]
[WhiteElo "2268"]
[BlackElo "2165"]
[PlyCount "49"]
[EventDate "2003.09.28"]
[EventType "team"]
[EventRounds "11"]
[EventCountry "HUN"]
[SourceTitle "EXT 2005"]
[Source "ChessBase"]
[SourceDate "2004.11.15"]
[SourceVersion "1"]
[SourceVersionDate "2004.11.15"]
[SourceQuality "1"]

1. e4 g6 2. d4 Bg7 3. Nc3 d6 4. Be2 Nc6 5. Be3 e5 6. dxe5 Nxe5 7. Qd2 Nf6 8. Bh6 0-0 9. Bxg7 Kxg7 10. 0-0-0 Rb8 11. f4 Nc6 12. Bf3 Bg4 13. h3 Bxf3 14. Nxf3 Re8 15. Rhe1 Ng8 16. g4 f6 17. h4 Qd7 18. g5 Qg4 19. Rf1 fxg5 20. hxg5 Nge7 21. Qh2 Rf8 22. f5 gxf5 23. Rh1 Kf7 24. Rdf1 Rh8 25. Rhg1 1-0

[Event "HUN-chT2 Charousek 0203"]
[Site "Hungary"]
[Date "2003.04.06"]
[Round "10.4"]
[White "Szobi, Geza Jr"]
[Black "Solymosi, Istvan"]
[Result "1/2-1/2"]
[WhiteElo "2139"]
[BlackElo "2217"]
[PlyCount "24"]
[EventDate "2002.09.22"]
[EventType "team"]
[EventRounds "11"]
[EventCountry "HUN"]
[SourceTitle "EXT 2004"]
[Source "ChessBase"]
[SourceDate "2003.11.25"]
[SourceVersion "1"]
[SourceVersionDate "2003.11.25"]
[SourceQuality "1"]
[WhiteTeam "Geniusz Tata"]
[BlackTeam "Gyor Elektromos"]
[WhiteTeamCountry "HUN"]
[BlackTeamCountry "HUN"]

1. d4 Nf6 2. c4 c5 3. d5 b5 4. cxb5 a6 5. e3 g6 6. Nc3 d6 7. b6 Nbd7 8. a4 a5 9. Bb5 Bg7 10. Nf3 0-0 11. e4 Nxb6 12. 0-0 Ba6 1/2-1/2

[Event "HUN-chT2 Charousek 0203"]
[Site "Hungary"]
[Date "2003.02.16"]
[Round "7.4"]
[White "Kis, Jozsef1111"]
[Black "Szobi, Geza Jr"]
[Result "1-0"]
[WhiteElo "2181"]
[BlackElo "2139"]
[PlyCount "107"]
[EventDate "2002.09.22"]
[EventType "team"]
[EventRounds "11"]
[EventCountry "HUN"]
[SourceTitle "EXT 2004"]
[Source "ChessBase"]
[SourceDate "2003.11.25"]
[SourceVersion "1"]
[SourceVersionDate "2003.11.25"]
[SourceQuality "1"]
[WhiteTeam "Paks ASE II"]
[BlackTeam "Geniusz Tata"]
[WhiteTeamCountry "HUN"]
[BlackTeamCountry "HUN"]

1. c4 g6 2. d4 Bg7 3. e4 d6 4. Nc3 Nd7 5. Be3 e5 6. d5 Ne7 7. h4 f5 8. Bd3 Nf6 9. f3 0-0 10. Qc2 fxe4 11. Nxe4 Nf5 12. Bf2 c6 13. dxc6 Qa5+ 14. Qc3 Qxc3+ 15. Nxc3 bxc6 16. 0-0-0 d5 17. Nge2 Rd8 18. g4 Ne7 19. h5 gxh5 20. g5 Ne8 21. Rxh5 Bf5 22. Bxf5 Nxf5 23. cxd5 cxd5 24. Rxd5 Nd4 25. Rxd8 Nxe2+ 26. Nxe2 Rxd8 27. Kc2 Rd7 28. Rh1 Rf7 29. Rd1 Rxf3 30. Bxa7 Nc7 31. Rd3 Rxd3 32. Kxd3 e4+ 33. Kc2 Ne6 34. Be3 Be5 35. Nc3 Bd4 36. Bxd4 Nxd4+ 37. Kd1 e3 38. a4 Kf7 39. Nb5 Nc6 40. Ke2 Kg6 41. Kxe3 Kxg5 42. Nd4 Nb4 43. Nf3+ Kf6 44. Kd4 Ke7 45. Kc4 Nc6 46. Kb5 Kd7 47. Kb6 Nb8 48. b4 Kd8 49. b5 Nd7+ 50. Ka7 h5 51. a5 Kc7 52. b6+ Kc8 53. b7+ Kc7 54. Nh4 1-0

[Event "HUN-chT2 Charousek 0203"]
[Site "Hungary"]
[Date "2003.02.02"]
[Round "6.4"]
[White "Szobi, Geza Jr"]
[Black "Pirisi, Gabor"]
[Result "1/2-1/2"]
[WhiteElo "2139"]
[BlackElo "2279"]
[PlyCount "73"]
[EventDate "2002.09.22"]
[EventType "team"]
[EventRounds "11"]
[EventCountry "HUN"]
[SourceTitle "EXT 2004"]
[Source "ChessBase"]
[SourceDate "2003.11.25"]
[SourceVersion "1"]
[SourceVersionDate "2003.11.25"]
[SourceQuality "1"]
[WhiteTeam "Geniusz Tata"]
[BlackTeam "Matador"]
[WhiteTeamCountry "HUN"]
[BlackTeamCountry "HUN"]

1. d4 Nf6 2. c4 g6 3. Nc3 Bg7 4. e4 0-0 5. Be3 d6 6. f3 e5 7. Nge2 Nbd7 8. Qd2 Re8 9. d5 a5 10. g4 h5 11. g5 Nh7 12. h4 Nc5 13. 0-0-0 b6 14. b3 Nf8 15. Kc2 f5 16. gxf6 Qxf6 17. Ng1 Bd7 18. Nh3 Na6 19. a4 Nc5 20. Ng5 Nh7 21. Bh3 Nxg5 22. Bxg5 Qf7 23. Qg2 Kh7 24. Rdg1 Rf8 25. Bxd7 Nxd7 26. Rh3 Rg8 27. Nb5 Nf8 28. Rf1 Qd7 29. Rg3 Bh8 30. Qh3 Qxh3 31. Rxh3 Rc8 32. f4 Nd7 33. f5 Rgf8 34. Rhf3 gxf5 35. Rxf5 Rxf5 36. Rxf5 Kg6 37. Rf2 1/2-1/2

[Event "Budapest Spring op 18th"]
[Site "Budapest"]
[Date "2002.03.17"]
[Round "3"]
[White "Szobi, Geza Jr"]
[Black "Martini, Balazs"]
[Result "1-0"]
[WhiteElo "2138"]
[BlackElo "2220"]
[PlyCount "85"]
[EventDate "2002.03.15"]
[EventType "swiss"]
[EventRounds "9"]
[EventCountry "HUN"]
[SourceTitle "CBM 087 Extra"]
[Source "ChessBase"]
[SourceDate "2002.05.03"]
[SourceVersion "2"]
[SourceVersionDate "2002.08.09"]
[SourceQuality "1"]

1. d4 Nf6 2. c4 g6 3. Nc3 Bg7 4. e4 d6 5. f3 Nc6 6. Be3 e5 7. d5 Ne7 8. Qd2 0-0 9. g4 c6 10. Nge2 b5 11. dxc6 bxc4 12. Ng3 Be6 13. g5 Ne8 14. Nd5 Nxc6 15. Bxc4 Rc8 16. 0-0 Kh8 17. Rac1 Nd4 18. Rc3 Nc7 19. Nf6 Ne8 20. Bxe6 fxe6 21. Rxc8 Qxc8 22. Bxd4 exd4 23. Qxd4 Qa6 24. f4 Nxf6 25. gxf6 Rxf6 26. e5 dxe5 27. fxe5 Rxf1+ 28. Nxf1 h6 29. Nd2 Qa5 30. Nf3 Qxa2 31. h4 Qd5 32. Qc3 Qe4 33. Kf2 Kh7 34. Qc5 a6 35. Qd6 Qc2+ 36. Kg3 Qxb2 37. Qxe6 Qe2 38. Qf7 a5 39. e6 a4 40. e7 a3 41. e8Q Qxe8 42. Qxe8 a2 43. h5 1-0

[Event "HUN-chT2 9899"]
[Site "Hungary"]
[Date "1999.??.??"]
[Round "?"]
[White "Portisch, Gabor"]
[Black "Szobi, Geza Jr"]
[Result "1-0"]
[WhiteElo "2295"]
[BlackElo "2155"]
[PlyCount "73"]
[EventDate "1998.??.??"]
[EventType "team"]
[EventRounds "12"]
[EventCountry "HUN"]
[SourceTitle "EXT 2000"]
[Source "ChessBase"]
[SourceDate "1999.11.16"]
[SourceVersion "1"]
[SourceVersionDate "1999.11.16"]
[SourceQuality "1"]

1. d4 g6 2. e4 Bg7 3. Nc3 d6 4. Be2 c6 5. Be3 Nd7 6. Qd2 b5 7. a3 a6 8. f4 Nb6 9. b3 Qc7 10. Rc1 Bb7 11. Nf3 Rd8 12. 0-0 Nf6 13. f5 gxf5 14. exf5 c5 15. Rcd1 Nbd5 16. Nxd5 Nxd5 17. Bh6 Bf6 18. c4 Nb6 19. d5 Ra8 20. Ng5 Bxg5 21. Qxg5 f6 22. Qe3 Kd8 23. Rf4 Qd7 24. Re4 Nc8 25. Re6 Rg8 26. Bf4 bxc4 27. bxc4 a5 28. Rb1 Ra7 29. Qh3 Rh8 30. Bd2 Qa4 31. Qc3 Qe8 32. Rb5 a4 33. Qb2 Ba6 34. Ba5+ Kd7 35. Bd1 Rg8 36. Rb7+ Rxb7 37. Bxa4+ 1-0

[Event "Cseppko op 07th"]
[Site "Aggtelek"]
[Date "1998.??.??"]
[Round "?"]
[White "Barva, Attila"]
[Black "Szobi, Geza Jr"]
[Result "1/2-1/2"]
[WhiteElo "2275"]
[BlackElo "2155"]
[PlyCount "114"]
[EventDate "1998.??.??"]
[EventType "swiss"]
[EventRounds "9"]
[EventCountry "HUN"]
[SourceTitle "EXT 2002"]
[Source "ChessBase"]
[SourceDate "2001.11.25"]
[SourceVersion "1"]
[SourceVersionDate "2001.11.25"]
[SourceQuality "1"]

1. d4 g6 2. e4 Bg7 3. Nc3 c6 4. Be3 d6 5. Qd2 a6 6. h4 Nd7 7. h5 Ngf6 8. hxg6 hxg6 9. Rxh8+ Bxh8 10. f3 Qc7 11. Nh3 b5 12. a4 b4 13. Nd1 a5 14. Bf2 Bg7 15. Ne3 c5 16. c3 Ba6 17. Bxa6 Rxa6 18. g4 Nb6 19. Qe2 Ra8 20. dxc5 dxc5 21. Qb5+ Kf8 22. Rc1 bxc3 23. bxc3 Nfd7 24. Kf1 Rd8 25. Kg2 e6 26. Nc4 Nxc4 27. Qxc4 Kg8 28. Rd1 Ne5 29. Qxc5 Qxc5 30. Rxd8+ Qf8 31. Rxf8+ Kxf8 32. Bc5+ Ke8 33. Nf2 Nd7 34. Bd4 Bxd4 35. cxd4 Nb6 36. Kf1 Nxa4 37. Ke2 Nb6 38. Kd3 Ke7 39. Kc3 f5 40. g5 fxe4 41. fxe4 e5 42. dxe5 a4 43. Nd3 a3 44. Nf4 Nc4 45. Kb3 Nd2+ 46. Kxa3 Nxe4 47. Nxg6+ Kf7 48. Nh8+ Kg7 49. e6 Kxh8 50. e7 Nd6 51. Kb4 Kg7 52. Kc5 Ne8 53. Kc6 Kf7 54. Kd7 Ng7 55. Kd8 Kg6 56. e8Q+ Nxe8 57. Kxe8 Kxg5 1/2-1/2

[Event "Cseppko op 07th"]
[Site "Aggtelek"]
[Date "1998.??.??"]
[Round "?"]
[White "Simon, Nandor"]
[Black "Szobi, Geza Jr"]
[Result "1-0"]
[WhiteElo "2110"]
[BlackElo "2155"]
[PlyCount "65"]
[EventDate "1998.??.??"]
[EventType "swiss"]
[EventRounds "9"]
[EventCountry "HUN"]
[SourceTitle "EXT 2002"]
[Source "ChessBase"]
[SourceDate "2001.11.25"]
[SourceVersion "1"]
[SourceVersionDate "2001.11.25"]
[SourceQuality "1"]

1. e4 g6 2. d4 Bg7 3. f4 c6 4. Nf3 d5 5. e5 h5 6. Bd3 Nh6 7. c3 Bf5 8. Na3 e6 9. Nc2 Nd7 10. 0-0 a6 11. Ne3 Bxd3 12. Qxd3 0-0 13. b3 Qe7 14. a4 Rfc8 15. Ba3 Qd8 16. h3 Bf8 17. Bb2 c5 18. g4 hxg4 19. hxg4 Qb6 20. Rfb1 Qc6 21. Nh4 Bg7 22. Kf2 c4 23. Qe2 cxb3 24. Rg1 Nb6 25. f5 Nc4 26. Nxc4 dxc4 27. f6 Bf8 28. g5 Nf5 29. Nxf5 exf5 30. Rh1 Bg7 31. Rh4 b5 32. Rah1 b4 33. Rh7 1-0

[Event "HUN-chT2 9798"]
[Site "Hungary"]
[Date "1998.??.??"]
[Round "?"]
[White "Szobi, Geza Jr"]
[Black "Besztercsenyi, Tibor"]
[Result "1/2-1/2"]
[WhiteElo "2100"]
[BlackElo "2305"]
[PlyCount "66"]
[EventDate "1997.??.??"]
[EventType "team"]
[EventRounds "11"]
[EventCountry "HUN"]
[SourceTitle "EXT 1999"]
[Source "ChessBase"]
[SourceDate "1998.11.16"]
[SourceVersion "1"]
[SourceVersionDate "1998.11.16"]
[SourceQuality "1"]

1. d4 Nf6 2. c4 g6 3. Nc3 Bg7 4. e4 d6 5. f3 0-0 6. Be3 c6 7. Qd2 a6 8. Nge2 b5 9. cxb5 axb5 10. b4 Nfd7 11. h4 Nb6 12. Nc1 Re8 13. h5 Be6 14. hxg6 fxg6 15. Rb1 Nc4 16. Bxc4 Bxc4 17. Nb3 Nd7 18. Na5 Rxa5 19. bxa5 Qxa5 20. Kf2 Ra8 21. Rhc1 Nb6 22. Qc2 Bf7 23. a4 Nc4 24. axb5 Na3 25. Ra1 cxb5 26. Rxa3 Qxa3 27. Nxb5 Qa5 28. Qd3 Qa2+ 29. Rc2 Qa6 30. Rc3 Rc8 31. Rxc8+ Qxc8 32. d5 Qa6 33. Qe2 Qa4 1/2-1/2